| 000 | 00602nam a2200229Ia 4500 | ||
|---|---|---|---|
| 003 | OSt | ||
| 005 | 20220924151908.0 | ||
| 006 | a|||||r|||| 00| 0 | ||
| 007 | ta | ||
| 008 | 220923b |||||||| |||| 00| 0 mar d | ||
| 024 | _a339535 | ||
| 037 | _cTextual | ||
| 040 |
_aARTS _cARTS _bmar |
||
| 041 |
_2mar _amar |
||
| 082 | _aO152,3N37,1, 155P6 | ||
| 100 |
_aThakar N. Au. _9225207 |
||
| 245 | 0 | _aBhinteet ek khidakee asaychi | |
| 260 | _c2006 | ||
| 650 |
_aHINDI LITERATURE _923866 |
||
| 942 |
_hO152,3N37,1, 155P6 _cTEXL _2CC |
||
| 999 |
_c467977 _d467977 |
||